Normal view MARC view
  • Sennett, Richard,

Entry Nombre Personal

Number of records used in: 2

001 - NUMERO DE CONTROL

  • campo de control: 48865

003 - IDENTIFICADOR DE NUMERO DE CONTROL

  • campo de control: DLC

005 - FECHA Y HORA DE LA ÜLTIMA TRANSACCIÓN

  • campo de control: 20230511123720.0

008 - DATOS DE LONGITUD FIJA

  • campo de control de longitud fija: 230511n| azannaabn |n aaa

010 ## - NÚMERO DE CONTROL DE LA BIBLIOTECA DEL CONGRESO

  • Número de control LC: n 79144621

035 ## - NUMERO DE CONTROL

  • Número de control: (OCoLC)oca00375770

040 ## - FUENTE DE CATALOGACIÓN

  • Agencia original de catalogación: DLC
  • Lenguaje de catalogación: spa
  • Agencia de transcripción: DLC
  • Agencia que lo modifica: Uk
  • Agencia que lo modifica: MnU
  • Description conventions: rda
  • Agencia que lo modifica: IEN
  • Agencia que lo modifica: MX-MxUPN

046 ## - FECHAS CON CODIFICACIÓN ESPECIAL

  • Fecha de nacimiento: 1943

100 1# - ENCABEZAMIENTO - NOMBRE PERSONAL

  • Nombre personal: Sennett, Richard,
  • Fechas asociadas con el nombre: 1943-

370 ## - LUGAR ASOCIADO

  • Place of birth: Chicago, Ill.

374 ## - OCUPACIÓN

  • Occupation: Sociólogo
  • Occupation: Filósofo
  • Occupation: Historiador
  • Occupation: Escritor

670 ## - FUENTE EN LA QUE SE LOCALIZARON DATOS

  • Cita de la fuente: En su obra: Classic essays on the culture of cities, 1969.

670 ## - FUENTE EN LA QUE SE LOCALIZARON DATOS

  • Cita de la fuente: Thomas Struth, Unconscious places, 2012:
  • Información localizada: dust jacket (Richard Sennett, b. 1943, Chicago; sociologist, philosopher, historian, writer)

902 ## - CATALOGADOR

  • Catalogador: NDAF/110523